World Economic and Financial Surveys : International Capital Markets 1994.

This paper analyzes the origins of the recent turbulence in government bond markets in the major industrial countries, and considers whether the role of hedge funds in that episode argues for altering present regulatory arrangements. In financial markets, it is possible for such a revision of expect...

पूर्ण विवरण

ग्रंथसूची विवरण
निगमित लेखक: International Monetary Fund
स्वरूप: पत्रिका
भाषा:English
प्रकाशित: Washington, D.C. : International Monetary Fund, 1994.
श्रृंखला:World Economic and Financial Surveys; World Economic and Financial Surveys ; No. 1994/004
ऑनलाइन पहुंच:Full text available on IMF
LEADER 02198cas a2200241 a 4500
001 AALejournalIMF007839
008 230101c9999 xx r poo 0 0eng d
020 |c 50.00 USD 
020 |z 9781451942118 
022 |a 0258-7440 
040 |a BD-DhAAL  |c BD-DhAAL 
110 2 |a International Monetary Fund. 
245 1 0 |a World Economic and Financial Surveys :   |b International Capital Markets 1994. 
264 1 |a Washington, D.C. :  |b International Monetary Fund,  |c 1994. 
300 |a 1 online resource (145 pages) 
490 1 |a World Economic and Financial Surveys 
500 |a <strong>Off-Campus Access:</strong> No User ID or Password Required 
500 |a <strong>On-Campus Access:</strong> No User ID or Password Required 
506 |a Electronic access restricted to authorized BRAC University faculty, staff and students 
520 3 |a This paper analyzes the origins of the recent turbulence in government bond markets in the major industrial countries, and considers whether the role of hedge funds in that episode argues for altering present regulatory arrangements. In financial markets, it is possible for such a revision of expectations-if it is shared by all market participants-to alter asset prices almost immediately; indeed, the change in asset prices can occur without any transactions even taking place. In this case, however, trading volumes soared along with the rise in bond yields, as a broad spectrum of market participants sought to undo large positions that had been built up under the projections of a continued rise of European and US bond prices and a strengthening of the dollar against the yen and some European currencies. Although the increase in bond yields was undeniably large for such a short time period, the markets did receive new information in February and March on economic performance-especially on growth rates-and on the likely future course of macroeconomic policies. 
538 |a Mode of access: Internet 
830 0 |a World Economic and Financial Surveys; World Economic and Financial Surveys ;  |v No. 1994/004 
856 4 0 |z Full text available on IMF  |u http://elibrary.imf.org/view/books/083/14357-9781451942118-en/14357-9781451942118-en-book.xml  |z IMF e-Library